logo

Bir Sreshtho Munshi Abdur Rouf Library
Jhenaidah Cadet College

সাকসেস থ্রো এ পজিটিভ মেন্টাল এটিটিউট / (Record no. 11943)

MARC details
000 -LEADER
fixed length control field 00864nam a2200241 a 4500
001 - CONTROL NUMBER
JCCL Control Number 11943
003 - CONTROL NUMBER IDENTIFIER
JCCL marc code BD-JhCC
005 - DATE AND TIME OF LATEST TRANSACTION
control field 20221124134023.0
008 - FIXED-LENGTH DATA ELEMENTS--GENERAL INFORMATION
fixed length control field 201209b20172019bg |||| ||a| 00| 0 ben d
020 ## - INTERNATIONAL STANDARD BOOK NUMBER
International Standard Book Number 9789849360421
035 ## - SYSTEM CONTROL NUMBER
system control number (BD-JhCC)11943
040 ## - CATALOGING SOURCE
Original cataloging agency BD-JhCC
Modifying agency BD-JhCC
041 ## - LANGUAGE CODE
Language code of Book ben
082 ## - DEWEY DECIMAL CLASSIFICATION NUMBER
Classification number 650.1
Author mark and Year HIL 2019
100 ## - MAIN ENTRY--PERSONAL NAME
Personal name হিল, নেপোলিয়েন
245 ## - TITLE STATEMENT
Title সাকসেস থ্রো এ পজিটিভ মেন্টাল এটিটিউট /
Statement of responsibility, etc নেপোলিয়েন হিল, অনুঃ ফজলে রাব্বি ।
260 ## - PUBLICATION, DISTRIBUTION, ETC. (IMPRINT)
Place of publication, distribution, etc ঢাকা:
Name of publisher, distributor, etc সাফল্য প্রকাশনী;
Date of publication, distribution, etc ২০১৯.
300 ## - PHYSICAL DESCRIPTION
Pagination 237 p. :
Dimensions 22 cm
650 ## - SUBJECT ADDED ENTRY--TOPICAL TERM
Topical term or geographic name as entry element Success in business
General subdivision Success
Geographic subdivision Wealth
700 ## - ADDED ENTRY--PERSONAL NAME
Personal name রাব্বি,ফজলে
942 ## - ADDED ENTRY ELEMENTS (KOHA)
Source of classification or shelving scheme Dewey Decimal Classification
Koha item type Books
Koha issues (borrowed), all copies 1
Holdings
Source of classification or shelving scheme Damaged status Not for loan Home library Current library Shelving location Date of accession Source of acquisition Cost, normal purchase price Total Checkouts Full call number Barcode Date last seen Date checked out Copy number Koha item type
Dewey Decimal Classification     JCC Rouf Library JCC Rouf Library General Stacks 12/09/2020 Lt. Gen. Mahfuzur Rahman (10th intake) 250.00 2 650.1 HIL 2019 16527 05/30/2024 05/27/2024 C-1 Books

JCC Library | Contacts | JCC Home

Last Update on 23 September 2017
Copyright @ 2017-2020 JCC Rouf Library
Rouf Library, Jhenidah Cadet College (JCC), Bangladesh